Statystyki dla Quiz o BTS

Kliknij tutaj aby rozwiązać quiz!

Ogólne statystyki

  • Ten quiz został rozwiązany 503 razy
  • Średni wynik to 12 z 15

Statystyki odpowiedzi

ZagadnienieOdpowiedź% Poprawnych
Ile jest ich w zespole7
98%
Czy BTS to kpopTak
96%
Kto jest najmłodszy?Jungkook
94%
Kiedy mieli debiut?13.06.2013
91%
W jakiej wytwórni są BTSBig Hit Entertainment
90%
Kto jest z nich najstarszy?Jin
88%
Jak nazywa się pies TaehyungaYeontan
85%
Jak nazywa się pierwsza piosenka BTS2 Cool 4 Skool
81%
Czy BTS byli kiedyś w PolsceNie
80%
Jak sie nazywa pies JungkookaBam
78%
Kto jest krasnoludem z nichJimin
77%
Jak nazywa nowy Album BTSProof
64%
Czy BTS są religinitylko Namjoon jest ateistą
55%
Kiedy jest dzień ARMY9 lipca
48%
Na co choruje Taehyung4H
33%

Rozkład punktacji

Percentyl według liczby udzielonych odpowiedzi

Procent ludzi z każdym wynikiem

Twoja historia wyników

Nie rozwiązałeś tego quizu